| 000 | 00657nam a2200193 i 4500 | ||
|---|---|---|---|
| 001 | 163937 | ||
| 003 | ES-MaACL | ||
| 005 | 20250911063600.0 | ||
| 008 | 990601s1886 sp |||| | spa d | ||
| 040 |
_aCAT _bspa _cCAT _dCCPB |
||
| 080 | _a860-3"18" | ||
| 100 | 2 |
_aRomero Quiñones, Ubaldo, _d1843-1914 _9132033 |
|
| 245 | 1 | 3 |
_aEl General Motin _b: novela original de Sexto Pompeyo. |
| 260 |
_aSabadell : _bImpr. y Lit. de Juan Comas Faura, _c1886. |
||
| 300 |
_a344 p. ; _c17 cm. |
||
| 594 | _aSexto Pompeyo es seudónimo de Ubaldo Romero Quiñones (Rogers y Lapuente) | ||
| 852 |
_aES-MaACL _jD-1888 _z-- Rúst. |
||
| 999 |
_c163937 _d163937 |
||